| 000 | 00993nam a22002537a 4500 | ||
|---|---|---|---|
| 999 |
_c19681 _d19681 |
||
| 003 | AR-CdUCM | ||
| 008 | 190520b ||||| |||| 00| 0 spa d | ||
| 040 |
_aMUNICIPALIDAD PROVINCIAL DEL CUSCO _cBIBLIOTECA MUNICIPAL DEL CUSCO |
||
| 041 | _heng | ||
| 082 |
_a335.4094 / _bC32 |
||
| 100 |
_aCaute, David _941166 |
||
| 245 | _aEl comunismo y los intelectuales franceses (1914-1966) / | ||
| 260 |
_aBarcelona : _bEds. Oikostau, _c1968. |
||
| 300 |
_a487 páginas ; _c22 cm. |
||
| 505 | _aContenido: El partido y los intelectuales. Los intelectuales y el partido, tres ejemplos André Gide, André Malraux, Jean Paul Sartre. Los intelectuales y el intelecto. | ||
| 650 |
_aIntelectuales franceses _941167 |
||
| 650 |
_aComunismo _9495 |
||
| 650 |
_aSiglo XX _98 |
||
| 700 |
_aVirós Galtier, José Luis (traducción) _941168 |
||
| 700 |
_aAvilés farré, Luis (traducción) _941169 |
||
| 700 |
_aGarcía Bosch, J. (traducción) _914257 |
||
| 942 |
_2ddc _cLIBROS |
||
| 945 |
_adavv _d2019-05-20 |
||